000 00502nam a2200133Ia 4500
008 191108s9999 xx 000 0 und d
020 _a978-971-009-294-9
100 _aOlmedo, Yay Padua
245 _cYay Padua Olmedo.--
_aNow that you're boss :
_bTimely and timeless lessons for new (& seasoned) leaders /
260 _aMandaluyong City :
_bOMF Literature Inc.
_c2014.
300 _a148 pages :
_c18 cm
650 _aChristian leadership.
650 _aLeadership -- Religious aspects -- Christianity.
999 _c362538
_d362538